000 00411nam a2200133 a 4500
001 000040471
005 20201002034142.0
008 130826s1997 dr 000 0 spa d
040 _aDO-SdBNP
_bspa
_cBNPHU
100 1 _aAsencio, Héctor
_966772
245 1 0 _aConozca su empresa :
_blo administrativo-contable y legal /
_cHéctor Asencio.
260 _aSanto Domingo :
_bCollado,
_c1997.
300 _a163 p. ;
_c22 cm.
999 _c39961
_d39961